Ross & Wilson anatomy and physiology in health and illness / (Record no. 99007)

MARC details
000 -LEADER
fixed length control field 01437nam a22003137a 4500
003 - CONTROL NUMBER IDENTIFIER
control field URS
005 - DATE AND TIME OF LATEST TRANSACTION
control field 20260323102656.0
008 - FIXED-LENGTH DATA ELEMENTS--GENERAL INFORMATION
fixed length control field 260312b |||||||| |||| 00| 0 eng d
020 ## - INTERNATIONAL STANDARD BOOK NUMBER
International Standard Book Number 978-0-32383-460-5
040 ## - CATALOGING SOURCE
Language of cataloging English
Description conventions rda
Transcribing agency URS
050 00 - LIBRARY OF CONGRESS CALL NUMBER
Classification number RT69
Item number .W357 2023
100 1# - MAIN ENTRY--PERSONAL NAME
Personal name Waugh, Anne,
Relator term author.
245 10 - TITLE STATEMENT
Title Ross & Wilson anatomy and physiology in health and illness /
Statement of responsibility, etc Anne Waugh, BSc (Hons), MSc, CertEd, SRN, RNT, PFHEA, Former Senior Teaching Fellow and Senior Lecturer, School of Health and Social Care, Edinburgh Napier University, Edinburgh, UK, Allison Grant, BSc, PhD, FHEA, Lecturer, Department of Health and Life Sciences, Glasgow Caledonian University, Glasgow, UK ; illustrations by Richard Tibbitts, Antbits Limited.
246 3# - VARYING FORM OF TITLE
Title proper/short title Ross and Wilson anatomy & physiology in health and illness
250 ## - EDITION STATEMENT
Edition statement 14th edition.
264 #1 - PUBLICATION, DISTRIBUTION, ETC. (IMPRINT)
Place of publication, distribution, etc Edinburgh ;
-- New York :
Name of publisher, distributor, etc Elsevier,
Date of publication, distribution, etc ©2023.
300 ## - PHYSICAL DESCRIPTION
Extent xix, 586 pages :
Other physical details color illustrations ;
Dimensions 28 cm.
336 ## - CONTENT TYPE
Content type term text
Content type code txt
Source rdacontent
337 ## - MEDIA TYPE
Media type term unmediated
Media type code n
Source rdamedia
338 ## - CARRIER TYPE
Carrier type term volume
Carrier type code nc
Source rdacarrier
504 ## - BIBLIOGRAPHY, ETC. NOTE
Bibliography, etc Includes bibliographical references and index.
650 #0 - SUBJECT ADDED ENTRY--TOPICAL TERM
Topical term or geographic name as entry element Human anatomy
Form subdivision Textbooks.
650 #0 - SUBJECT ADDED ENTRY--TOPICAL TERM
Topical term or geographic name as entry element Human physiology
Form subdivision Textbooks.
650 #0 - SUBJECT ADDED ENTRY--TOPICAL TERM
Topical term or geographic name as entry element Pathology
Form subdivision Textbooks.
650 #0 - SUBJECT ADDED ENTRY--TOPICAL TERM
Topical term or geographic name as entry element Nursing
Form subdivision Textbooks.
700 1# - ADDED ENTRY--PERSONAL NAME
Personal name Grant, Allison
Fuller form of name (Allison Wynn),
Dates associated with a name 1961-
Relator term author.
700 1# - ADDED ENTRY--PERSONAL NAME
Personal name Tibbitts, Richard,
Relator term illustrator.
942 ## - ADDED ENTRY ELEMENTS (KOHA)
Source of classification or shelving scheme Library of Congress Classification
Koha item type Reserved Books
Holdings
Withdrawn status Lost status Source of classification or shelving scheme Damaged status Not for loan Collection code Home library Current library Shelving location Date acquired Source of acquisition Total Checkouts Full call number Barcode Date last seen Copy number Price effective from Koha item type
    Library of Congress Classification     Non-fiction Taytay College Library Taytay College Library Medicine Collection 03/12/2026 Purchased   RT69 .W357 2023 URSTAY-6007 03/12/2026 1 03/12/2026 Reserved Books

University of Rizal System
Email us at univlibservices@urs.edu.ph

Visit our Website www.urs.edu.ph/library